Regions of Greece - Sudden Death - Statistics

General Stats
  • This quiz has been taken 56 times
  • The average score is 6 of 9
Answers on the Grid
Answers color-coded by a green-red scale on the quiz's grid according to % correct below.
Constantinople
Eastern Greece
Arcadia
Peloponnese
Eastern Macedonia and Thrace
Laconia
Tripolitania
Western Greece
Ionian Islands
Epirus
Cyrenaica
Cilicia
Attica
Cyprus
Thessaly
Crete
Illyria
Northern Macedonia and Dardania
Mount Athos
Dalmatia
 
Answer Stats
Answer % Correct
Ionian Islands
88%
Eastern Macedonia and Thrace
75%
Thessaly
75%
Crete
71%
Epirus
71%
Peloponnese
71%
Attica
67%
Mount Athos
54%
Western Greece
54%
No matching quizzes found
Score Distribution
Percent of People with Each Score
Percentile by Number Answered
Your Score History
You have not taken this quiz